Máximos goleadores LaLiga 24/25 - Estadísticas

Estadísticas generales
  • Esta prueba ha sido intentada 207 veces
  • La puntuación promedio es 13 de 16
Estadísticas de respuestas
Club Nº goles Futbolista % Correcto
Real Madrid C.F. 31 Kyllian Mbappé
100%
F.C. Barcelona 27 Robert Lewandowski
98%
F.C. Barcelona 18 Raphinha
95%
Real Madrid C.F. 11 Vinicius Jr.
90%
Atlético de Madrid 20 Alexander Sørloth
88%
C.A. Osasuna 21 Ante Budimir
88%
Atlético de Madrid 17 Julián Alvaréz
88%
Athletic Club 15 Oihan Sancet
81%
Villarreal C.F. 19 Ayoze Pérez
72%
Valencia C.F. 11 Hugo Duro
71%
Sevilla F.C. 11 Dodi Lukebakio
69%
R.C.D. Espanyol 12 Javi Puado
68%
Deportivo Alavés 13 Kike García
66%
Celta de Vigo 11 Borja Iglesias
65%
Girona F.C. 11 Cristhian Stuani
65%
Villarreal C.F. 11 Thierno Barry
49%
No se encontraron pruebas coincidentes
Distribución de puntuación
Porcentaje de gente con cada puntuación
Porcentaje por número respondido
Historial de tus puntuaciones
No has intentado esta prueba.